European Bodies of Water (with Map!) - Statistics

General Stats
  • This quiz has been taken 5,585 times
  • The average score is 29 of 80
Answers on the Map
Answers color-coded by a green-red scale on the quiz's map according to % correct below.
 
Answer Stats
Body of Water % Correct
North Sea
92%
Black Sea
91%
Mediterranean Sea
91%
Baltic Sea
90%
Atlantic Ocean
88%
Adriatic Sea
85%
Danube
84%
Aegean Sea
82%
English Channel
81%
Rhine
79%
Irish Sea
78%
Bay of Biscay
72%
Thames
71%
Norwegian Sea
69%
Arctic Ocean
67%
Po
63%
Ionian Sea
61%
Dnieper
60%
Rhône
58%
Gulf of Finland
57%
Balearic Sea
55%
Loire
54%
Sea of Azov
54%
Strait of Gibraltar
54%
Tyrrhenian Sea
52%
Elbe
51%
Gulf of Bothnia
50%
Sea of Marmara
49%
Loch Ness
48%
Tiber
48%
Lake Geneva
46%
White Sea
46%
Celtic Sea
45%
Gulf of Riga
43%
Ligurian Sea
40%
Vistula
40%
Ebro
34%
Kattegat
32%
Tagus
32%
Dniester
31%
Lake Ladoga
31%
Main
29%
Bay of Bristol
27%
Alboran Sea
26%
Lake Constance
26%
Lake Balaton
25%
Skagerrak
24%
Lake Garda
23%
Shannon
23%
Lake Onega
22%
Garonne
21%
Sava
16%
Bay of Gdansk
14%
Daugava
14%
Land's End
14%
Lake Ohrid
12%
Lough Neagh
12%
Vänern
11%
German Bight
10%
Lake Peipus
10%
St George‘s Channel
10%
Vättern
10%
Firth of Forth
9%
Golfe du Lion
9%
North Cape
9%
Glomma
8%
Tisza
8%
Gulf of Corinth
6%
Saimaa
6%
Tornio
6%
Inarijärvi
5%
Lake Trasimeno
5%
Vestfjorden
5%
Cape St. Vincent
4%
Limfjord
4%
Trondheimsfjorden
4%
Kvarner Bay
3%
Grenen
2%
{Kremenchuk} Reservoir
2%
Porsangerfjorden
2%
No matching quizzes found
Score Distribution
Percent of People with Each Score
Percentile by Number Answered
Your Score History
You have not taken this quiz